Normal view MARC view
  • Crowther, Samuel

Entry Personal Name

Number of records used in: 1

001 - CONTROL NUMBER

  • control field: 50193

003 - CONTROL NUMBER IDENTIFIER

  • control field: NUST

005 - DATE AND TIME OF LATEST TRANSACTION

  • control field: 20210314134541.0

008 - FIXED-LENGTH DATA ELEMENTS

  • fixed length control field: 210314|| aca||aabn | a|a d

040 ## - CATALOGING SOURCE

  • Original cataloging agency: NUST
  • Transcribing agency: NUST

100 ## - HEADING--PERSONAL NAME

  • Personal name: Crowther, Samuel

670 ## - SOURCE DATA FOUND

  • Source citation: Work cat.: (NUST): Ford, Henry, 50192, My life and work,, 1922.
© 2023 Central Library, National University of Sciences and Technology. All Rights Reserved.